Statystyki dla Dzielnice Rybnika wg liczby mieszkańców

Kliknij tutaj aby rozwiązać quiz!

Ogólne statystyki

  • Ten quiz został rozwiązany 34 razy
  • Średni wynik to 21 z 27

Statystyki odpowiedzi

#DzielnicaIlość mieszkańców% Poprawnych
6.Śródmieście7 300
96%
1.Maroko-Nowiny18 200
92%
9.Niewiadom4 500
88%
4.Boguszowice Stare7 600
83%
7.Chwałowice7 000
83%
19.Meksyk2 600
83%
26.Grabownia800
79%
2.Niedobczyce12 000
79%
10.Paruszowiec-Piaski4 400
79%
16.Rybnicka Kuźnia3 400
79%
8.Smolna6 700
79%
27.Stodoły600
79%
17.Zebrzydowice3 300
79%
3.Boguszowice Osiedle10 500
75%
24.Chwałęcice1 800
75%
12.Gotartowice3 700
75%
20.Kłokocin2 500
75%
22.Ochojec2 100
75%
14.Orzepowice3 500
75%
17.Popielów3 300
75%
24.Wielopole1 800
75%
21.Golejów2 400
71%
10.Kamień4 400
71%
14.Ligota-Ligocka Kuźnia3 500
71%
23.Radziejów1 900
71%
5.Rybnik-Północ7 400
71%
13.Zamysłów3 600
67%

Rozkład punktacji

Percentyl według liczby udzielonych odpowiedzi

Procent ludzi z każdym wynikiem

Twoja historia wyników

Nie rozwiązałeś tego quizu